Guess the Famous People from their Eyes #16 - Statistics

General Stats
  • This quiz has been taken 294 times
  • The average score is 5 of 16
Answer Stats
Picture Answer % Correct
Cardi B
81%
Jenna Ortega
79%
Robert Pattinson
68%
Kourtney Kardashian
55%
Matthew Perry
48%
Usher
46%
Hilary Duff
33%
Jose Mourinho
31%
Ethan Hawke
22%
David Attenborough
21%
Eric Bana
17%
Rashida Jones
17%
Nancy Reagan
11%
Riz Ahmed
10%
Shelley Long
5%
Julia Child
1%
No matching quizzes found
Score Distribution
Percent of People with Each Score
Percentile by Number Answered
Your Score History
You have not taken this quiz